| 000 | 00842nmm a2200265 a 4500 | ||
|---|---|---|---|
| 003 | AR-X00000XY | ||
| 005 | 20251128211925.0 | ||
| 008 | 197020s2007 ||||||||||||||000 | spa|| | ||
| 020 | _a978-85-89833-88-2 | ||
| 040 | _cAR-X00000XY | ||
| 245 | 1 | 0 |
_aDerecho, sociedad y riesgos _bla sociedad contemporánea vista a través de la idea de riesgo |
| 260 |
_aBrasília _bUniCEUB _c2007 _bUNITAR |
||
| 300 | 0 | _a525 p. | |
| 504 | _aContiene referencias bibliográficas al final de cada artículo | ||
| 650 | 4 | _aSOCIEDAD CONTEMPORANEA | |
| 650 | 4 | _aDERECHO CIVIL | |
| 650 | 4 | _aRIESGO | |
| 650 | 4 | _aSOCIOLOGIA URBANA | |
| 650 | 4 | _aESTRATIFICACION SOCIAL | |
| 650 | 4 | _aRESPONSABILIDAD CIVIL | |
| 650 | 4 | _aDERECHO INTERNACIONAL | |
| 710 | 1 | _aRed Latinoamericana y Europea sobre Gobierno de los Riesgos | |
| 942 | _cBK | ||
| 998 | _cNancy | ||
| 999 |
_c21637 _d21637 |
||